|
|
|
|
| LEADER |
00000nam2a2200000 4500 |
| 001 |
149487 |
| 005 |
20231031145857.0 |
| 010 |
|
|
|a 5852070586
|
| 035 |
|
|
|a (RuTPU)RU\TPU\book\162063
|
| 035 |
|
|
|a RU\TPU\book\162058
|
| 090 |
|
|
|a 149487
|
| 100 |
|
|
|a 20081217g1995 m y0rusy5003 ca
|
| 101 |
0 |
|
|a rus
|
| 102 |
|
|
|a RU
|
| 105 |
|
|
|a a z 000ay
|
| 200 |
0 |
|
|a Т. 9: ТАСС уполномочен заявить
|e роман
|
| 210 |
|
|
|d 1995
|
| 215 |
|
|
|d 20 см
|a 288 с.
|c ил.
|
| 461 |
|
1 |
|0 (RuTPU)RU\TPU\book\162039
|y 5-85207-019-X
|t Собрание сочинений
|o в 8 т.
|f Ю. С. Семёнов
|g ред. кол. Л. Анненский и др.
|v Т. 9: ТАСС уполномочен заявить
|o роман
|d 1991-
|
| 610 |
1 |
|
|a советская литература
|
| 610 |
1 |
|
|a романы
|
| 675 |
|
|
|a Р2
|z rus
|v 3
|
| 801 |
|
0 |
|a RU
|b RuMRKP
|c 19950417
|g psbo
|
| 801 |
|
1 |
|a RU
|b 63413507
|c 20081217
|g PSBO
|
| 801 |
|
2 |
|a RU
|b 63413507
|c 20081217
|g PSBO
|
| 942 |
|
|
|c BK
|